Normal view
MARC view
Entry Topical Term
001 - CONTROL NUMBER
- control field: 6343
003 - CONTROL NUMBER IDENTIFIER
- control field: OSt
005 - DATE AND TIME OF LATEST TRANSACTION
- control field: 20190618060625.0
008 - FIXED-LENGTH DATA ELEMENTS
- fixed length control field: 190618|| aca||aabn | a|a d
040 ## - CATALOGING SOURCE
- Original cataloging agency: OSt
- Transcribing agency: OSt
150 ## - HEADING--TOPICAL TERM
- Topical term or geographic name entry element: Ideology -- Religious aspects -- Islam.
670 ## - SOURCE DATA FOUND
- Source citation: Work cat.: (OSt)509645: Manocha, Rakesh 5739, A study of West Asia through the prism of Shia-Sunni conflict :, 2019
